000 00729nam a2200205 i 4500
001 29686
003 ES-MaACL
005 20230906154055.0
007 t|
008 030122s1983 sp ||||1| spa d
100 1 _aBallesteros Gallardo, Ángel.
_925058
245 1 0 _aCerámica de Talavera
_b: tres tiempos para una historia /
_cAngel Ballesteros Gallardo.
260 _aToledo :
_bInstituto Provincial de Investigaciones y Estudios Toledanos,
_c1983.
300 _a55 p. :
_bil. ;
_c21 cm.
490 1 _aTemas Toledanos ;
_v33
710 2 _aInstituto Provincial de Investigaciones y Estudios Toledanos.
_95217
830 0 _aTemas Toledanos ;
_v33
_9181269
852 _aES-MaACL
_jL-6386
_bR.106697
999 _c29686
_d29686